Normal view MARC view
  • Intergovernmental Panel on Climate Change. Working Group II

Entry Corporate Name

Number of records used in: 1

001 - CONTROL NUMBER

  • control field: 2546

003 - CONTROL NUMBER IDENTIFIER

  • control field: CBULib

005 - DATE AND TIME OF LATEST TRANSACTION

  • control field: 20240319124524.0

008 - FIXED-LENGTH DATA ELEMENTS

  • fixed length control field: 240319|| aca||aabn | a|a d

040 ## - CATALOGING SOURCE

  • Original cataloging agency: CBULib

110 ## - HEADING--CORPORATE NAME

  • Corporate name or jurisdiction name as entry element: Intergovernmental Panel on Climate Change. Working Group II